000 00733nam a2200205 i 4500
001 153619
003 ES-MaACL
005 20230906205318.0
008 990518s1899 sp |||| | spa d
040 _aCCPB | B
_bspa
_cCCPB | B
245 0 1 _a"El Tiempo"
_b: historia íntima de la fundación, vida y muerte de este periódico /
_cpor un exredactor.
260 _aMadrid :
_b[s.n.],
_c1899 (
_fImprenta de Pedro Nuñez)
300 _a301 p., [27] h. de lám. pleg. ;
_c20 cm.
510 4 _aPALAU,
_c332061
597 _aAntep.
599 _aLas h. de lám. son de retratos y caricaturas.
630 0 4 _aEl Tiempo (Madrid. 1893)
_9163185
852 _aES-MaACL
_jB-3995
_z-- Rust.
852 _aES-MaACL
_jG-12301
_z-- Enc. hol.
999 _c153619
_d153619